| 000 | 00913cam a2200229 4500 | ||
|---|---|---|---|
| 001 | ABS63904 | ||
| 008 | 000000n2001 000 0 eng u | ||
| 035 | _a(Sirsi) u112070 | ||
| 100 | _aDollar, P. | ||
| 245 | _aRule guidelines | ||
| 260 | _c2001 | ||
| 490 |
_aHouseBuilder _v April 2001, 35-36(2) |
||
| 520 | _aDescribes the Commonhold and Leasehold Reform Bill currently before parliament which would create a completely new form of title for land. This would be available for both commercial and residential properties and more suited to new developments than existing ones. Tabulates the difference between freehold and commonhold and provides a summary of the commonhold proposals. | ||
| 590 | _aABS | ||
| 650 | _aCOMMONHOLD AND LEASEHOLD REFORM BILL | ||
| 650 | _aCOMMONHOLD ASSOCIATIONS | ||
| 650 | _aFREEHOLD | ||
| 650 | _aLEASEHOLD | ||
| 650 | _aFLATS | ||
| 690 | _aPROPERTY | ||
| 942 | _n0 | ||
| 999 |
_c66743 _d66743 |
||